000 00900nam a2200277 c 4500
999 _c184526
_d184526
003 BLK
005 20220325164724.0
008 180411b bul|||||r ||||||| ||bul||
010 _aKNG00193491000
040 _aBLK
041 _aBUL
_cBUL
080 _aБългарска литература
_b821.163.2
_x-1
_z821.163.2-1
100 1 _aЕвтимов, Венко Евтимов
_eпърви автор
_9377020
139 _aЕвтимов, Венко Евтимов
_bЕ 22
245 1 0 _aПодмолни думи
_bСтихове
_cВенко Евтимов Евтимов.
257 _aBGR
260 _aСофия
_bБълг. писател
_c1982
300 _a51 с.
_c21 см
380 _aX
852 _aЦб 113603
_bЦб
942 _cKNG
_n0
_s1
944 _aCR
_c18.10.2016
_kНора_Радева
944 _aED
_c2022-03-25
_kГГГ